• 首页
  • 本馆介绍
  • 公告通知
  • 最新文献
  • 馆藏检索
  • 电子资源
  • 读者导购
  • 参考咨询
  • 我的图书馆
  • 登录
  • 详细信息显示
  • 放入我的书架
  • 预约/预借图书
  • 作者相关作品
  • 分类相关作品
  • 丛书相关作品
  • 出版社相关作品

书目信息

  • 表格格式
  • 工作单格式
  • 卡片格式
题名:
当代教师素质教育文论
    
 
作者: ;余耀国 , 何柯可
分册:  
出版信息: 乌鲁木齐   新疆人民出版社  1995.12
页数: 200页
开本: 40cm
丛书名:
单 册:
中图分类: J121 , G622
科图分类:
主题词: 艺术--作品--中国--现代--选集 , 教育--各级
电子资源:
ISBN: 7-228-03676-X
000 00752nam0 2200241 450
001 1548183391
005 20150208203239.31
010    @a7-228-03676-X@b精装@dCNY19.80
100    @a19990129d1995 em y0chiy0121 ea
101 0  @achi
102    @aCN@b650000
105    @af z 000yy
200 10 @a当代教师素质教育文论@Adang dai jiao shi su zhi jiao yu wen lun@9Lei Feng Zhi Ge Shu Hua Da Dian@f余耀国,何柯可主编@FYu Yao Guo, He Ke Ke Zhu Bian
210    @a乌鲁木齐@c新疆人民出版社@d1995.12
215    @a200页@c图@d40cm
606    @a艺术@x作品@y中国@z现代@x选集
606 0  @a教育@x各级
690    @aJ121@v5
690    @aG622@v4
702  0 @a余耀国@9Yu Yao Guo
702  0 @a何柯可@9He Ke Ke
801  0 @aCN@bTSSF@c20150208
905    @aZUCC@dG622@eJY5
    
    当代教师素质教育文论/余耀国,何柯可主编.-乌鲁木齐:新疆人民出版社,1995.12
    200页:图;40cm
    
    
    ISBN 7-228-03676-X(精装):CNY19.80
    
●
相关链接 在E读中查询图书 在五车中查询图书 在当当中查询图书 在豆瓣中查询图书


正题名:当代教师素质教育文论     索取号:G622/JY5         预约/预借

序号 登录号 条形码 馆藏地/架位号 状态 备注
1 7865828   278658285   学院路分馆/ [索取号:G622/JY5] 在馆    
唐山师范学院图书馆 欢迎您!
大连网信软件有限公司© 版权所有